00496nam a2200133Ia 4500008004100000100001900041245003700060260003000097300000800127650001800135942001200153999001300165952018400178191201s2011 xx 000 0 und d aAGRAWAL, Kirti 0aPrinciples of Marketing B.COM II aN. DelhibVikas Pubc2011 a288 aGeneral Books 2ddccBK c256d256 00102ddc40708GENERALaPIETbPIETd2017-08-05eDonated by Dr.Pooja Walia kDonated by Dr.Pooja Walia l0p29541r2019-12-04 00:00:00w2017-05-01yBKzDonated by Dr.Pooja Walia